Capitales par pays aléatoires - Mort subite - Statistiques

Statistiques générales
  • Ce quiz a été pris 5 115 fois
    478 depuis la dernière actualisation
  • Le résultat moyen est 10 sur 20
Statistiques - réponses
Pays Capitale % Correct
Turquie Ankara
100%
Qatar Doha
100%
Royaume-Uni Londres
100%
Brésil Brasilia
93%
Finlande Helsinki
92%
Côte d'Ivoire Yamoussoukro
91%
Canada Ottawa
89%
États-Unis Washington
88%
Algérie Alger
87%
Australie Canberra
85%
Ukraine Kiev
85%
Argentine Buenos Aires
84%
Égypte Le Caire
83%
France Paris
83%
Allemagne Berlin
82%
République Tchèque Prague
82%
Arabie Saoudite Riyad
82%
Japon Tokyo
82%
Norvège Oslo
81%
Danemark Copenhague
80%
Nouvelle-Zélande Wellington
80%
Irlande Dublin
79%
Afrique du Sud Le Cap | Pretoria | Bloemfontein
79%
Chine Pékin
79%
Roumanie Bucarest
77%
Liechtenstein Vaduz
77%
Israël Jérusalem
76%
Biélorussie Minsk
76%
Pays-Bas Amsterdam
75%
Liban Beyrouth
75%
Syrie Damas
75%
Russie Moscou
75%
Suède Stockholm
75%
Bolivie La Paz | Sucre
74%
Espagne Madrid
74%
Tunisie Tunis
74%
Gambie Banjul
73%
Kenya Nairobi
73%
Chypre Nicosie
73%
Saint-Marin Saint-Marin
73%
Andorre Andorre-la-Vieille
71%
Cuba La Havane
71%
Inde New Delhi
71%
Haïti Port-au-Prince
71%
Corée du Sud Séoul
71%
Bulgarie Sofia
71%
Grèce Athènes
69%
Irak Bagdad
69%
Pérou Lima
69%
Uruguay Montevideo
69%
Afghanistan Kaboul
68%
Sénégal Dakar
67%
Monaco Monaco
67%
Chili Santiago
67%
Émirats Arabes Unis Abou Dabi
64%
Malte La Valette
64%
Philippines Manille
64%
Maroc Rabat
64%
Bosnie-Herzégovine Sarajevo
64%
Lituanie Vilnius
64%
Portugal Lisbonne
63%
Lettonie Riga
63%
Vatican Vatican
63%
Autriche Vienne
63%
Azerbaïdjan Bakou
62%
Koweït Koweït
62%
Pologne Varsovie
62%
Gabon Libreville
61%
Maldives Malé
60%
Libye Tripoli
60%
Croatie Zagreb
60%
Madagascar Antananarivo
59%
Jamaïque Kingston
59%
Hongrie Budapest
58%
Moldavie Chișinău
58%
Pakistan Islamabad
58%
Indonésie Jakarta
58%
Luxembourg Luxembourg
58%
Islande Reykjavik
58%
Mexique Mexico
57%
Burkina Faso Ouagadougou
57%
Équateur Quito
57%
Italie Rome
56%
Sao Tomé-et-Principe Sao Tomé
56%
Ghana Accra
55%
Éthiopie Addis-Abeba
55%
Guinée Conakry
55%
Panama Panama
55%
Thaïlande Bangkok
54%
Venezuela Caracas
54%
Viêt Nam Hanoï
54%
Birmanie Naypyidaw
54%
Singapour Singapour
54%
Mongolie Oulan-Bator
53%
Corée du Nord Pyongyang
53%
Taïwan Taipei
53%
Serbie Belgrade
50%
Colombie Bogotá
50%
Slovaquie Bratislava
50%
Népal Katmandou
50%
Comores Moroni
50%
Cambodge Phnom Penh
50%
Maurice Port-Louis
50%
Iran Téhéran
50%
Cameroun Yaoundé
50%
Paraguay Asunción
47%
Guyana Georgetown
47%
R. Démocratique du Congo Kinshasa
47%
Rwanda Kigali
45%
Bénin Porto-Novo | Cotonou
45%
Honduras Tegucigalpa
45%
Laos Vientiane
45%
Mali Bamako
44%
Arménie Erevan
44%
Slovénie Ljubljana
44%
Kosovo Pristina
44%
Macédoine du Nord Skopje
44%
Fidji Suva
44%
Guinée-Bissau Bissau
43%
Niger Niamey
43%
Cap-Vert Praia
43%
Albanie Tirana
43%
Kazakhstan Astana
42%
République du Congo Brazzaville
42%
Seychelles Victoria
42%
République Dominicaine Saint-Domingue
41%
Malaisie Kuala Lumpur
40%
Trinité-et-Tobago Port-d'Espagne
40%
Estonie Tallinn
40%
Géorgie Tbilissi
40%
Timor Oriental Dili
39%
Nigeria Abuja
38%
Suisse Berne
38%
Guinée Équatoriale Ciudad de la Paz
36%
Liberia Monrovia
36%
République Centrafricaine Bangui
35%
Bahreïn Manama
35%
Mauritanie Nouakchott
35%
Jordanie Amman
33%
Belize Belmopan
33%
Belgique Bruxelles
33%
Bangladesh Dacca
33%
Sierra Leone Freetown
33%
Guatemala Guatemala
33%
Îles Marshall Majuro
33%
Oman Mascate
33%
Tchad Ndjamena
33%
Palaos Ngerulmud
33%
Saint-Christophe- et-Niévès Basseterre
31%
Ouganda Kampala
31%
Malawi Lilongwe
31%
Namibie Windhoek
31%
Soudan Khartoum
30%
Sainte-Lucie Castries
29%
Burundi Gitega
29%
Somalie Mogadiscio
29%
Mozambique Maputo
28%
Djibouti Djibouti
27%
Tanzanie Dodoma
27%
Bahamas Nassau
27%
Costa Rica San José
27%
Botswana Gaborone
25%
Togo Lomé
25%
Angola Luanda
25%
Grenade Saint George's
25%
Ouzbékistan Tachkent
25%
Yémen Sanaa
24%
États Fédérés de Micronésie Palikir
23%
Suriname Paramaribo
23%
Tadjikistan Douchanbé
22%
Kiribati Tarawa
22%
Bhoutan Thimphou
22%
Turkménistan Achgabat
21%
Samoa Apia
20%
Zambie Lusaka
20%
Salvador San Salvador
20%
Brunei Bandar Seri Begawan
18%
Îles Salomon Honiara
18%
Nicaragua Managua
18%
Dominique Roseau
17%
Sri Lanka Sri Jayawardenepura Kotte
16%
Monténégro Podgorica
15%
Kirghizistan Bichkek
14%
Nauru Yaren
13%
Zimbabwe Harare
12%
Barbade Bridgetown
11%
Eswatini Mbabane
11%
Soudan du Sud Djouba
10%
Tuvalu Funafuti
8%
Saint-Vincent-et-les-Grenadines Kingstown
8%
Tonga Nukuʻalofa
8%
Antigua-et-Barbuda Saint John's
8%
Lesotho Maseru
7%
Papouasie-Nouvelle-Guinée Port Moresby
7%
Érythrée Asmara
0%
Vanuatu Port-Vila
0%
Aucun quiz correspondant
Distribution des résultats
% des personnes avec chaque résultat
Percentile par nombre de réponses
Votre historique - résultats
Vous n’avez pas pris ce quiz depuis la dernière actualisation